000
00266nam a2200109Ia 4500
008
200302s9999 xx 000 0 und d
100
_a
J. Raamachandran
245
_a
Thin Shells Theory & Problems
260
_b
University Press Ltd.
260
_c
1993
300
_a
494 P.,
999
_c
941
_d
941